000 002740000a22000970004500
100 1 _aFoulkes B., Ricardo
245 1 0 _aJesús y el espíritu de la comunidad joanina
300 _aVol. 13, Num. 2 (Noviembre, 1993), Páginas 54-56
773 0 _tVida y pensamiento
942 _cANA
999 _c53031
_d53031